Reforma en salud debe conciliar eficiencia con solidaridad /
Na minha lista:
| Autor principal: | |
|---|---|
| Formato: | Texto |
| Assuntos: | |
| Tags: |
Adicionar Tag
Sem tags, seja o primeiro a adicionar uma tag!
|
MARC
| LEADER | 00000 a a2200000 04500 | ||
|---|---|---|---|
| 001 | 10296 | ||
| 003 | |||
| 040 | |||
| 100 | |a Titelman, Daniel | ||
| 245 | |a Reforma en salud debe conciliar eficiencia con solidaridad / |c Daniel Titelman | ||
| 650 | |a SALUD | ||
| 650 | |a SEGURIDAD SOCIAL | ||
| 773 | |g número 6; páginas 4-5 | ||
| 999 | |c 21018 |d 21018 | ||
